|
|
|
|
| LEADER |
00000nam0a2200000 4500 |
| 001 |
183725 |
| 005 |
20231031171822.0 |
| 035 |
|
|
|a (RuTPU)RU\TPU\book\199180
|
| 090 |
|
|
|a 183725
|
| 100 |
|
|
|a 20100819d1973 k y0rusy50 ca
|
| 101 |
1 |
|
|a rus
|c fre
|
| 102 |
|
|
|a RU
|
| 105 |
|
|
|a a z 001zy
|
| 200 |
1 |
|
|a Узловой анализ электрических систем
|e пер. с фр.
|f П. Димо
|
| 210 |
|
|
|a Москва
|c Мир
|d 1973
|
| 215 |
|
|
|a 264 с.
|c ил.
|
| 320 |
|
|
|a Библиогр.: с. 261-263.
|
| 610 |
1 |
|
|a электрические системы
|
| 610 |
1 |
|
|a режим работы
|
| 610 |
1 |
|
|a математические исследования
|
| 610 |
1 |
|
|a состав
|
| 610 |
1 |
|
|a структура
|
| 610 |
1 |
|
|a схемы
|
| 610 |
1 |
|
|a динамическая устойчивость
|
| 610 |
1 |
|
|a устройства
|
| 675 |
|
|
|a 621.311.004
|v 3
|
| 700 |
|
1 |
|a Димо
|b П.
|
| 801 |
|
1 |
|a RU
|b 63413507
|c 20100819
|
| 801 |
|
2 |
|a RU
|b 63413507
|c 20171222
|g RCR
|
| 942 |
|
|
|c BK
|